Дело о награждении некоторых лиц за труды их на всемирной выставке 1900 года в Париже

Доступно только в Электронных читальных залах Найти на картеНа карте
RUSMARC
00003732nmc2a2200000 x 450
0014746aaa5-55c8-4764-9d23-245d12673cf3
00520171204190708.0
100##$a20160126l19001902k l0rusy0189 ca
1010#$arus
102##$aRU
2001#$aДело о награждении некоторых лиц за труды их на всемирной выставке 1900 года в Париже
$j23 сентября 1900 г. - 20 сентября 1902 г.
251##$cДело
300##$aДело
801#0$aRU
$bРГИА
$c20160126
$gRCR
801#1$aRU
$bГлавНИВЦ
$c20160126
$2rusmarc
801#2$aRU
$bПБ им. Б.Н. Ельцина
$c20171204
$gRCR
$2rusmarc
850##$aРГИА
852##$aРГИА
$eФедеральное казенное учреждение "Российский государственный исторический архив" (РГИА)
$j1659
937##$hРГИА
$d12190731
$aASBIBLIO_SCAN
462#0$100192199c64-6874-4077-9f66-5b288fbc0ba4
$12001
$aДела Инспекторского разряда Департамента народного просвещения за 1887-1901 гг.
$1251
$cОпись
$1852
$j122
461#0$1001a74412a3-3cc5-4d21-8f0a-dfe2fbd9e72d
$12001
$aДепартамент народного просвещения Министерства народного просвещения (1803-1917)
$1251
$cФонд
$1852
$j733
215##$a24 л.
$d36,5х26 см
371##$aДокумент не является опубликованным и широко распространяемым
105##$ay###
1222#$ad
035##$a4746aaa5-55c8-4764-9d23-245d12673cf3
856##$uhttp://readingroom.main.prlib.ru/item.aspx?id_node=n110971366&mode=full
Формат отображения